Un mundo casi perfecto / (Registro nro. 11496)

Detalles MARC
000 -LIDER
fixed length control field 01036cam a2200301 i 4500
001 - NÚMERO DE CONTROL
Identificador de número de control 0000471
003 - IDENTIFICACDOR DE NÚMERO DE CONTROL
control field DO-SdBNP
005 - DATE AND TIME OF LATEST TRANSACTION
control field 20160929092216.0
007 - CAMPOS FIJOS DE DESCRIPCIÓN FÍSICA
fixed length control field 0000471
008 - ELEMENTOS DE LONGITUD FIJA
fixed length control field 100514s 2007 sp | |||| 000 f spa
015 ## - NÚMERO DENTRO DE LA BIBLIOGRAFÍA NACIONAL
National bibliography number
017 ## - NÚMERO DE REGISTRO DE DERECHOS DE AUTOR
Copyright or legal deposit number
Assigning agency
020 ## - ISBN
International Standard Book Number 9788483462768
035 ## - NÚMERO LOCAL
System control number
040 ## - FUENTE DE CATALOGACIÓN
Agencia que crea de manera original el registro BPMSU
Idioma de catalogación spa
Agencia que realiza la transcripción BPMSU
Convenciones de la despripción
080 ## - NÚMERO DE CLASIFICACIÓN DECIMAL UNIVERSAL
Universal Decimal Classification number
100 1# - ASIENTO PRINCIPAL -- NOMBRE PERSONAL
Nombre personal Santos, Marisa de los
240 10 - TITULO UNIFORME
Título uniforme Love walked in
Idioma de una obra eng.
245 13 - MENCIÓN DE TITULO
Título Un mundo casi perfecto /
Mención de responsabilidad Marisa De los Santos ; traducción Ignacio Gómez Calvo
260 ## - PUBLICACIÓN, DISTRIBUCIÓN, ETC. (PIE DE IMPRENTA)
Lugar de publicación, distribución, etc Barcelona:
Nombre del editor, distribuidor, etc. Debols!llo,
Fecha de publicación, distribución, etc 2007.
300 ## - DESCRIPCIÓN FÍSICA
Extensión 364 p.:
Dimensiones 19 cm
490 1# - MENCIÓN DE SERIES
Mención de serie Bestseller
Volume/sequential designation 668
505 0# - NOTA DE CONTENIDO
Título Introducción --
-- Glosario y puntos de energía --<br/>
-- Piel, cabello y uñas --
-- Ojos, oídos, nariz boca y garganta --
-- Sistema digestivo y excretor --
-- Sistema respiratorio y circulatorio --
-- Dolores y molestias --
-- Mente y espíritu
-- Primeros auxilios --
700 12 - ASIENTO SECUNDARIO -- NOMBRE PERSONAL
Nombre personal Gómez Calvo, Ignacio
Mención de responsabilidad trad.
830 #0 - ASIENTO SECUNDARIO DE SERIE--TÍTULO UNIFORME
Título uniforme Bestseller
Número de la parte o sección de una obra 668
942 ## - ADDED ENTRY ELEMENTS (KOHA)
Source of classification or shelving scheme Dewey Decimal Classification
Koha item type Libros
956 ## - LOCAL ELECTRONIC LOCATION AND ACCESS (OCLC)
Nombre de host YLOCKWARD
Campo enlazado y núm. de secuencia 10
Información de compresión BPMSU

No hay ítems disponibles.